Search the Library Catalogue
| 000 -LEADER | |
|---|---|
| fixed length control field | 00592nam a2200193Ia 4500 |
| 008 - FIXED-LENGTH DATA ELEMENTS--GENERAL INFORMATION | |
| fixed length control field | 191130s2008##################000#0#eng## |
| 020 ## - INTERNATIONAL STANDARD BOOK NUMBER | |
| ISBN | 9781416543121 |
| 082 ## - DEWEY DECIMAL CLASSIFICATION NUMBER | |
| Classification number | 332.6 EDE |
| 100 ## - MAIN ENTRY--AUTHOR NAME | |
| Personal name | Edelman, Ric |
| 245 ## - TITLE STATEMENT | |
| Title | The lies about money: why you need to own the portfolio of the future |
| Statement of responsibility, etc | Ric Edelman |
| 260 ## - PUBLICATION, DISTRIBUTION, ETC. (IMPRINT) | |
| Place of publication | Newyork |
| Name of publisher | [publisher not identified] |
| Year of publication | 2008 |
| 300 ## - PHYSICAL DESCRIPTION | |
| Number of Pages | xvii, 316p. : ill |
| 500 ## - GENERAL NOTE | |
| General note | Includes bibliographical references and index |
| 650 ## - SUBJECT ADDED ENTRY--TOPICAL TERM | |
| Topical Term | Economics |
| 991 ## - | |
| -- | 164864 |
| Withdrawn status | Lost status | Damaged status | Not for loan | Home library | Current library | Shelving location | Date acquired | Full call number | Accession Number | Price effective from | Koha item type |
|---|---|---|---|---|---|---|---|---|---|---|---|
| Anna Centenary Library | Anna Centenary Library | 4TH FLOOR, A WING | 09.10.2020 | 332.6 EDE | 448982 | 09.10.2020 | English Books |